[Event "Polar Capital Jersey Open"]
[Site "St Clement Bay JCI"]
[Date "2017.04.08"]
[Round "9.1"]
[White "Hebden,M"]
[Black "Speelman,J"]
[Result "1-0"]
[WhiteElo "2494"]
[BlackElo "2511"]

1.d4 Nf6 2.Nf3 e6 3.e3 b6 4.Bd3 Bb7 5.O-O Be7 6.c4 c5 7.Nc3 cxd4 8.exd4 d5
9.cxd5 Nxd5 10.Ne5 O-O 11.Qg4 Nf6 12.Qh4 Nc6 13.Bg5 Re8 14.Bxf6 Bxf6 15.Qxh7+
Kf8 16.Be4 Qc8 17.Bxc6 Bxc6 18.Rac1 Qb7 19.Nxc6 Qxc6 20.d5 exd5 21.Nb5 Qe6
22.Nc7 Qe4 23.Qh8+ Ke7 24.Qh3 Qd4 {#r} 1-0

[Event "Polar Capital Jersey Open"]
[Site "St Clement Bay JCI"]
[Date "2017.04.08"]
[Round "9.2"]
[White "Klingher,Dominic"]
[Black "Merry,Alan B"]
[Result "0-1"]
[WhiteElo "2116"]
[BlackElo "2412"]

1.f4 d5 2.Nf3 Nf6 3.e3 Bf5 4.b3 e6 5.Bb2 Be7 6.Be2 O-O 7.O-O c5 8.Ne5 h6 9.d3
Nfd7 10.Nd2 Nxe5 11.fxe5 Bg5 12.e4 dxe4 13.dxe4 Bg6 14.Nc4 Nc6 15.Nd6 Be3+
16.Kh1 Qg5 17.Nxb7 Nxe5 18.Bd3 c4 19.bxc4 Rab8 20.Ba3 Rxb7 21.Bxf8 Kxf8 22.Rb1
Rxb1 23.Qxb1 Kg8 24.Qb5 Kh7 25.g3 f6 26.Kg2 Qg4 27.Qb7 Nxd3 {#R} 0-1

[Event "Polar Capital Jersey Open"]
[Site "St Clement Bay JCI"]
[Date "2017.04.08"]
[Round "9.3"]
[White "Thalwitzer,D"]
[Black "Rudd,J"]
[Result "0-1"]
[WhiteElo "2114"]
[BlackElo "2177"]

1.e4 e5 2.Nf3 Nc6 3.Bb5 Nf6 4.d3 Bc5 5.c3 Qe7 6.Nbd2 Bxf2+ 7.Kf1 Bb6 8.Nb3 a6
9.Bxc6 dxc6 10.Bg5 h6 11.Bxf6 gxf6 12.Qe2 Be6 13.Nh4 O-O-O 14.Rd1 Qd7 15.Rd2
Rhg8 16.g3 Bg4 17.Nf3 f5 18.Ke1 fxe4 19.dxe4 Qe6 20.Rf1 f5 21.exf5 Qxf5
22.Rxd8+ Rxd8 23.Nfd2 Qg6 24.Rf3 Qc2 25.h3 Bxf3 26.Qxf3 Qxb2 27.Qf5+ Kb8
28.Qf6 Rd3 29.Qxh6 Rxg3 30.c4 Be3 31.Qf8+ Ka7 32.Qf5 Bf4 33.Qd7 Rg2 {#R} 0-1

[Event "Polar Capital Jersey Open"]
[Site "St Clement Bay JCI"]
[Date "2017.04.08"]
[Round "9.4"]
[White "Abbas,Daniel"]
[Black "Robertson,I"]
[Result "1-0"]
[WhiteElo "2285"]
[BlackElo "2053"]

1.e4 d5 2.exd5 Qxd5 3.Nc3 Qd8 4.d4 Nf6 5.Nf3 Bg4 6.h3 Bxf3 7.Qxf3 c6 8.Be3 e6
9.Bd3 Nbd7 10.O-O-O Qa5 11.Kb1 Be7 12.g4 Nd5 13.Nxd5 cxd5 14.g5 b5 15.h4 Rc8
16.h5 Rc6 17.g6 f5 18.h6 hxg6 19.hxg7 Rg8 20.Bxf5 Rxg7 21.Rh8+ Nf8 22.Bh6 Ra6
23.a3 gxf5 24.Bxg7 b4 25.Bxf8 {#r} 1-0

[Event "Polar Capital Jersey Open"]
[Site "St Clement Bay JCI"]
[Date "2017.04.08"]
[Round "9.5"]
[White "Hillarp Persson,T"]
[Black "Pleasants,A"]
[Result "1-0"]
[WhiteElo "2503"]
[BlackElo "1982"]

1.c4 d6 2.Nc3 e5 3.g3 g6 4.d4 Nc6 5.Nf3 Bg7 6.dxe5 Nxe5 7.Nxe5 Bxe5 8.Bg2 Ne7
9.Qd2 O-O 10.O-O Rb8 11.b3 a6 12.Bb2 f5 13.Rad1 Qe8 14.f4 Bf6 15.e4 Nc6
16.Rfe1 Qd8 17.Nd5 Bxb2 18.Qxb2 b5 19.c5 b4 20.e5 {#r} 1-0

[Event "Polar Capital Jersey Open"]
[Site "St Clement Bay JCI"]
[Date "2017.04.08"]
[Round "9.6"]
[White "House,Glenn L"]
[Black "Hickman,J"]
[Result "1-0"]
[WhiteElo "2211"]
[BlackElo "1897"]

1.Nf3 Nf6 2.g3 g6 3.Bg2 Bg7 4.O-O O-O 5.d3 d6 6.e4 e5 7.a4 a5 8.c3 Nbd7 9.Re1
b6 10.Bg5 h6 11.Bxf6 Qxf6 12.Na3 Ba6 13.Qc2 Qe7 14.Rad1 Rae8 15.b4 f5 16.Nh4
Qf7 17.exf5 gxf5 18.b5 Bc8 19.Nc4 Nc5 20.Nd2 d5 21.d4 Ne4 22.Ndf3 exd4 23.cxd4
f4 24.Ne5 Bxe5 25.dxe5 fxg3 26.fxg3 Rxe5 27.Rf1 Qg7 28.Rxf8+ Kxf8 29.Rf1+ Kg8
30.Qc6 Bg4 31.Ng6 Re6 32.Qa8+ {#r} 1-0

[Event "Polar Capital Jersey Open"]
[Site "St Clement Bay JCI"]
[Date "2017.04.08"]
[Round "9.10"]
[White "Rosen,D"]
[Black "Wojciechowski,Pa"]
[Result "1-0"]
[WhiteElo "2047"]
[BlackElo "1979"]

1.e4 c5 2.Nc3 a6 3.g3 b5 4.Bg2 Bb7 5.d3 e6 6.Nf3 b4 7.Ne2 d5 8.exd5 exd5 9.d4
c4 10.O-O Nf6 11.Ne5 Ra7 12.c3 Qa5 13.Bd2 Nbd7 14.Nf4 Nxe5 15.dxe5 Ne4 16.cxb4
Qb5 17.Be3 Ra8 18.e6 Bxb4 19.exf7+ Kxf7 20.Bd4 Rhe8 21.Qg4 Bf8 22.f3 Nf6
23.Bxf6 gxf6 24.Qh5+ Kg8 25.Bh3 Re5 26.Be6+ Kg7 27.Qf7+ {#r} 1-0

[Event "Polar Capital Jersey Open"]
[Site "St Clement Bay JCI"]
[Date "2017.04.08"]
[Round "9.12"]
[White "Spanton,T"]
[Black "Bakker,Joo"]
[Result "0-1"]
[WhiteElo "1927"]
[BlackElo "1870"]

1.e4 d5 2.exd5 Qxd5 3.Nc3 Qa5 4.d4 e5 5.dxe5 Bb4 6.Bd2 Qxe5+ 7.Qe2 Nc6 8.Nf3
Qxe2+ 9.Bxe2 Bf5 10.O-O-O O-O-O 11.Bc4 Bg6 12.h4 Nf6 13.Bg5 Rxd1+ 14.Rxd1 Bxc3
15.bxc3 Ne4 16.g4 Nxf2 17.h5 Nxd1 18.hxg6 f6 19.Be6+ Kb8 20.Bxf6 hxg6 21.Bxg7
Rh1 22.Kd2 Nf2 23.Ke3 Nd8 24.Bd5 Nxg4+ 25.Kf4 Rh7 26.Bd4 Rd7 27.Be4 Nh6 28.Kg5
Nf5 29.Ne5 Rd6 30.Nc4 Nxd4 31.Nxd6 N4e6+ 32.Kxg6 cxd6 33.Kf6 Nc5 34.Bd5 Kc7
35.Kf5 Na4 36.c4 Nc3 37.Bg8 Nxa2 38.c5 Nb4 39.cxd6+ Kxd6 40.Bb3 Ndc6 41.Ke4
Na5 42.Ba4 Kc5 43.c3 Nbc6 44.Kd3 Ne5+ 45.Kc2 b5 {#R} 0-1

[Event "Polar Capital Jersey Open"]
[Site "St Clement Bay JCI"]
[Date "2017.04.08"]
[Round "9.13"]
[White "Brookfield,T"]
[Black "Andersen,NielsE"]
[Result "1-0"]
[WhiteElo "1903"]
[BlackElo "1900"]

1.e4 c5 2.Nf3 d6 3.d4 cxd4 4.Nxd4 Nf6 5.Nc3 a6 6.f4 e5 7.Nf3 Qc7 8.a4 Be7
9.Bd3 Nbd7 10.O-O Nc5 11.Kh1 O-O 12.Qe1 Be6 13.f5 Nxd3 14.cxd3 Bb3 15.g4 Nxg4
16.Rg1 Nf6 17.Bh6 Ne8 18.Rxg7+ Nxg7 19.Qg3 Bf6 20.Rg1 Qc5 21.Bxg7 Qxg1+
22.Qxg1 {#r} 1-0

[Event "17th BCC Open 2018"]
[Site "Bangkok THA"]
[Date "2017.04.08"]
[Round "1.1"]
[White "Hiebert,Kenji"]
[Black "Wang Hao"]
[Result "0-1"]
[WhiteElo "2023"]
[BlackElo "2690"]

1.c4 Nf6 2.Nc3 e5 3.Nf3 Nc6 4.e3 Bb4 5.Qc2 d6 6.a3 Bxc3 7.Qxc3 e4 8.Nd4 Ne5
9.b4 O-O 10.d3 b6 11.Be2 Bb7 12.O-O c5 13.Nb3 exd3 14.Bxd3 Nxd3 15.Qxd3 Ng4
16.Qe2 Qh4 17.h3 Ne5 18.Nd2 Rae8 19.Bb2 Ng6 20.Qd3 Qg5 21.g3 Qh5 22.Kh2 Bc8
23.h4 Nxh4 24.gxh4 Qxh4+ 25.Kg1 Qg4+ 26.Kh2 Re6 {#R} 0-1

[Event "17th BCC Open 2018"]
[Site "Bangkok THA"]
[Date "2017.04.08"]
[Round "1.3"]
[White "Kollmann,R"]
[Black "Gustafsson,J"]
[Result "0-1"]
[WhiteElo "2012"]
[BlackElo "2626"]

1.f4 d5 2.Nf3 g6 3.e3 Bg7 4.Be2 Nf6 5.O-O O-O 6.Qe1 c5 7.d3 Nc6 8.h3 Qc7
9.Nbd2 e5 10.fxe5 Nxe5 11.e4 dxe4 12.Nxe5 Qxe5 13.Nc4 Qe6 14.Bg5 b5 15.Qh4
exd3 16.Bf3 Rb8 17.Na5 Bd7 18.cxd3 Qb6 19.Nc6 Bxc6 20.Bxf6 Bxf6 21.Qxf6 Bxf3
22.Qxf3 Rbd8 23.Rad1 Rd4 24.b3 Qd6 25.Qb7 a6 26.Rf3 Qe6 27.Qc7 c4 28.bxc4 bxc4
29.Rdf1 cxd3 30.Rf6 Qd5 31.Rxa6 d2 32.Rd1 Re8 33.Qg3 Re1+ {#R} 0-1

[Event "17th BCC Open 2018"]
[Site "Bangkok THA"]
[Date "2017.04.08"]
[Round "1.5"]
[White "Sivara,P"]
[Black "Rozum,I"]
[Result "0-1"]
[WhiteElo "2001"]
[BlackElo "2600"]

1.e4 c6 2.Bc4 d5 3.Bb3 dxe4 4.Qh5 g6 5.Qh4 Nf6 6.Nc3 Nbd7 7.Nxe4 Nxe4 8.Qxe4
Bg7 9.d4 c5 10.dxc5 Nxc5 11.Qc4 Nxb3 12.axb3 Be6 13.Qh4 Bf5 14.c3 Qd3 15.Ne2
Rd8 16.Bh6 Qc2 17.Rc1 Qxb2 18.Bxg7 {#R} 0-1

[Event "17th BCC Open 2018"]
[Site "Bangkok THA"]
[Date "2017.04.08"]
[Round "1.6"]
[White "Huschenbeth,N"]
[Black "Nohr,F"]
[Result "1-0"]
[WhiteElo "2588"]
[BlackElo "1997"]

1.e4 c5 2.Nf3 e6 3.d4 cxd4 4.Nxd4 Nc6 5.Nc3 Qc7 6.Be3 a6 7.Bd3 Nf6 8.O-O Ne5
9.Be2 Bc5 10.a3 O-O 11.h3 d6 12.Bg5 b5 13.Bxf6 gxf6 14.Qd2 Nc4 15.Bxc4 bxc4
16.Rad1 Bd7 17.Qh6 Qd8 18.Nf5 exf5 19.Nd5 Be6 20.Nxf6+ Qxf6 21.Qxf6 fxe4
22.Rfe1 d5 23.Rxd5 Bxd5 24.Qg5+ Kh8 25.Qxd5 {#r} 1-0

[Event "17th BCC Open 2018"]
[Site "Bangkok THA"]
[Date "2017.04.08"]
[Round "1.7"]
[White "Tuorila,K"]
[Black "Sengupta,D"]
[Result "0-1"]
[WhiteElo "1990"]
[BlackElo "2583"]

1.d4 d5 2.Bg5 c5 3.dxc5 f6 4.Bh4 e5 5.e3 Bxc5 6.Nc3 Be6 7.Bb5+ Nc6 8.Nge2 Ne7
9.O-O O-O 10.a3 a6 11.Ba4 b5 12.Bb3 Na5 13.Ba2 Nc4 14.Bxc4 bxc4 15.b3 cxb3
16.cxb3 Qd7 17.b4 Ba7 18.Qd2 Rac8 19.Rac1 Rc4 20.Bg3 Rfc8 21.Nb1 Nf5 22.Rxc4
Rxc4 23.Rc1 Qc6 24.Kf1 h5 25.h3 Bxe3 26.Rxc4 Qxc4 27.fxe3 Nxg3+ 28.Ke1 Nxe2
29.Qxe2 Qc1+ {#R} 0-1

[Event "17th BCC Open 2018"]
[Site "Bangkok THA"]
[Date "2017.04.08"]
[Round "1.10"]
[White "Shomoev,A"]
[Black "Priguna,Gerald Pramoedya"]
[Result "1-0"]
[WhiteElo "2543"]
[BlackElo "1982"]

1.e4 c5 2.Nf3 g6 3.d4 cxd4 4.Nxd4 Nc6 5.Nc3 Bg7 6.Be3 Nf6 7.Bc4 O-O 8.Bb3 Qa5
9.O-O d6 10.h3 Nxd4 11.Bxd4 Be6 12.Re1 Qh5 13.Nd5 Bxd5 14.exd5 Qg5 15.Rxe7
Nxd5 16.Bxg7 Kxg7 17.Qd4+ Kh6 18.Re4 Nf6 19.Re3 Nh5 20.Rae1 a5 21.g3 b5 22.Bd5
Rac8 23.c3 Rc5 24.Bf3 Qf6 25.Qd2 Kg7 26.Rd3 Rd8 27.Bd5 Rd7 28.Rf3 Qd8 29.b4
axb4 30.cxb4 Rxd5 31.Qxd5 Kg8 32.Qxb5 d5 33.Qc6 d4 34.g4 Ng7 35.Ra3 {#r} 1-0

[Event "17th BCC Open 2018"]
[Site "Bangkok THA"]
[Date "2017.04.08"]
[Round "1.12"]
[White "Himanshu,Sh"]
[Black "Chong Chor Yuen"]
[Result "1-0"]
[WhiteElo "2493"]
[BlackElo "1975"]

1.e4 c5 2.Nc3 Nc6 3.Nge2 g6 4.d4 cxd4 5.Nxd4 Bg7 6.Nde2 Nf6 7.g3 O-O 8.Bg2 d6
9.O-O Bd7 10.h3 Rc8 11.Nd5 Re8 12.a4 Nxd5 13.exd5 Ne5 14.Ra2 Qc7 15.b3 e6
16.f4 Nc4 17.Rf2 exd5 18.bxc4 dxc4 19.c3 Bf5 20.Ba3 Bd3 21.Rb2 b6 22.Rf3 d5
23.Kh2 Qc6 24.a5 bxa5 25.Ra2 Be4 26.Rf2 Bxg2 27.Rxg2 Re3 28.Rd2 Rd8 29.Qc2
Rde8 30.Nd4 Bxd4 31.Rxd4 Qe6 32.Rdd2 h5 33.Bc5 Re4 34.h4 a6 35.Bf2 Qc6 36.Rg1
a4 37.Ra1 Qe6 38.Qd1 Qf5 39.Rxa4 d4 40.Bxd4 Rxf4 41.gxf4 Qxf4+ 42.Kg2 Qxh4
43.Rf2 Re4 44.Rxa6 Rg4+ 45.Kf1 Qh3+ 46.Ke2 Re4+ 47.Kd2 Re8 48.Qf3 {#r} 1-0

[Event "17th BCC Open 2018"]
[Site "Bangkok THA"]
[Date "2017.04.08"]
[Round "1.14"]
[White "Lin Chen"]
[Black "Rahul,S"]
[Result "0-1"]
[WhiteElo "2475"]
[BlackElo "1971"]

1.e4 c5 2.Nf3 e6 3.g3 Nc6 4.Bg2 Nf6 5.Nc3 e5 6.d3 h6 7.O-O d6 8.Nd2 Nd4 9.Nc4
Be7 10.f4 Bg4 11.Qd2 exf4 12.gxf4 O-O 13.e5 dxe5 14.fxe5 Nh7 15.Ne3 Qd7
16.Ncd5 Bg5 17.c3 Rae8 18.cxd4 cxd4 19.h4 dxe3 20.Nxe3 Bxh4 21.Nxg4 Qxg4
22.Qf4 Qh5 23.d4 f6 24.e6 Rxe6 25.Bxb7 Ng5 26.Bg2 Rfe8 27.Bd2 Re2 {#R} 0-1

[Event "17th BCC Open 2018"]
[Site "Bangkok THA"]
[Date "2017.04.08"]
[Round "1.15"]
[White "Markovitz,N"]
[Black "Lei Tingjie"]
[Result "0-1"]
[WhiteElo "1969"]
[BlackElo "2471"]

1.Nf3 d5 2.c4 d4 3.b4 f6 4.Na3 e5 5.Nc2 Bg4 6.d3 a5 7.bxa5 Rxa5 8.Bd2 Ra8
9.Qb1 b6 10.a4 Nc6 11.g3 Bd6 12.Bg2 Nge7 13.O-O O-O 14.e3 dxe3 15.Nxe3 Bh5
16.g4 Bf7 17.Nh4 Nd4 18.Re1 Rb8 19.Be4 Bc5 20.Ra2 Qd7 21.Bc3 g6 22.Bxd4 exd4
23.Neg2 Qxg4 24.Rae2 f5 25.h3 Qxh3 26.Bf3 Bd6 27.Rxe7 Qh2+ 28.Kf1 Bxe7 29.Rxe7
Qh1+ {#R} 0-1

[Event "17th BCC Open 2018"]
[Site "Bangkok THA"]
[Date "2017.04.08"]
[Round "1.19"]
[White "Hng,Mei-En Emmanuelle"]
[Black "Low,Zhen Yu Cyrus"]
[Result "1-0"]
[WhiteElo "1951"]
[BlackElo "2441"]

1.e4 c5 2.Nf3 d6 3.d4 cxd4 4.Nxd4 Nf6 5.Nc3 Bd7 6.Be2 Nc6 7.Be3 g6 8.Qd2 Bg7
9.h3 O-O 10.O-O Nxd4 11.Bxd4 Be6 12.Bf3 Qd7 13.Rad1 b5 14.Nd5 Bxd5 15.exd5 Ne8
16.Qa5 Qc7 17.Qxb5 Bxd4 18.Rxd4 Rb8 19.Qa4 Rxb2 20.Rc4 Qb7 21.Re1 Nf6 22.Qa5
Rb6 23.Rc6 Rb8 24.a4 Kf8 25.Qd2 Qd7 26.a5 Rb1 27.Kh2 Kg7 28.g4 h6 29.Re3 R8b5
30.a6 Ne8 31.Qc3+ Kg8 32.Qd2 Rb6 33.Rec3 Kh7 34.Qf4 Kg7 35.Qd4+ Kg8 36.Qe3 Kg7
37.Qd4+ f6 38.Qe3 Rb8 39.Be4 f5 40.gxf5 gxf5 41.Qg3+ Kh7 42.Qg4 Ng7 43.Rg3
{#r} 1-0

[Event "17th BCC Open 2018"]
[Site "Bangkok THA"]
[Date "2017.04.08"]
[Round "1.20"]
[White "Dai,Changren"]
[Black "Watharow,S"]
[Result "1-0"]
[WhiteElo "2438"]
[BlackElo "1950"]

1.e4 c5 2.Nc3 g6 3.g3 Bg7 4.Bg2 Nc6 5.d3 e6 6.Be3 Nd4 7.Nce2 Qb6 8.c3 Nc6 9.b4
d6 10.Rb1 Qc7 11.bxc5 dxc5 12.Nf3 b6 13.d4 Nf6 14.d5 Na5 15.d6 Qd8 16.Bg5 h6
17.Bxf6 Bxf6 18.e5 Bg7 19.Nd2 Rb8 20.f4 O-O 21.O-O f6 22.exf6 Rxf6 23.Ne4 Rf7
24.Nxc5 Nc4 25.Qd3 b5 26.Ne4 Qb6+ 27.Nd4 Nxd6 28.Nxd6 Qxd6 29.Qxg6 Bd7 30.Be4
Rf6 31.Qh7+ Kf7 32.Nf3 Qc5+ 33.Kg2 Be8 34.Ne5+ Kf8 35.Rbd1 Qxc3 36.Rd7 Qb2+
37.Rf2 {#r} 1-0

[Event "17th BCC Open 2018"]
[Site "Bangkok THA"]
[Date "2017.04.08"]
[Round "1.21"]
[White "Brunner,K"]
[Black "Garcia,Jan"]
[Result "0-1"]
[WhiteElo "1948"]
[BlackElo "2429"]

1.d4 Nf6 2.Nf3 g6 3.b3 Bg7 4.Bb2 O-O 5.e3 b6 6.Bd3 Bb7 7.Nbd2 d6 8.c4 e5 9.Qc2
Nc6 10.O-O Nb4 11.Qc3 Nxd3 12.Ba3 e4 13.Ng5 h6 14.Ngxe4 Nxe4 15.Qxd3 Nxd2
16.Qxd2 Qg5 17.f4 Qf5 18.Rae1 Be4 19.Qd1 Qd7 20.g4 f5 21.h3 fxg4 22.hxg4 h5
23.f5 hxg4 24.Qxg4 Bxf5 25.Qg3 Rae8 26.Rf4 Re4 27.Ref1 Rxf4 28.Rxf4 Bd3
29.Rxf8+ Bxf8 30.Qf3 Qf5 31.Qxf5 Bxf5 32.Bc1 Bb1 33.a3 Ba2 34.b4 Bxc4 35.Kf2
Bd5 {#R} 0-1

[Event "17th BCC Open 2018"]
[Site "Bangkok THA"]
[Date "2017.04.08"]
[Round "1.23"]
[White "Frost,P"]
[Black "Liu,Yan"]
[Result "0-1"]
[WhiteElo "1944"]
[BlackElo "2414"]

1.d4 Nf6 2.c4 e6 3.Nc3 Bb4 4.Nf3 Bxc3+ 5.bxc3 d6 6.g3 b6 7.Bg2 Bb7 8.O-O Nbd7
9.Rb1 O-O 10.Nd2 Bxg2 11.Kxg2 e5 12.Qc2 Re8 13.e3 e4 14.f3 Qe7 15.fxe4 Nxe4
16.Nxe4 Qxe4+ 17.Qxe4 Rxe4 18.Rf4 Rxf4 19.exf4 Re8 20.Kf1 f5 21.Bb2 Nf6 22.Re1
Ne4 23.Re2 c5 24.Kg2 Kf7 25.Kf3 cxd4 26.cxd4 Rc8 27.c5 dxc5 28.dxc5 bxc5 29.g4
g6 30.gxf5 gxf5 31.Rg2 Ke6 32.Rg7 Rd8 33.Be5 Rd7 34.Rxd7 Kxd7 35.Ke3 Kc6
36.Kd3 Kd5 37.h4 h5 38.a3 a6 39.Bg7 Nd6 40.a4 Nc8 41.Bf6 Nb6 42.a5 Nc8 43.Bd8
Kc6 44.Kc4 Nd6+ 45.Kb3 Kb5 {#R} 0-1

[Event "17th BCC Open 2018"]
[Site "Bangkok THA"]
[Date "2017.04.08"]
[Round "1.24"]
[White "Mu Ke"]
[Black "Kim,Changhoon"]
[Result "1-0"]
[WhiteElo "2408"]
[BlackElo "1935"]

1.d4 Nf6 2.c4 g6 3.Nc3 Bg7 4.e4 d6 5.Nf3 O-O 6.Be2 e5 7.O-O Nc6 8.d5 Ne7 9.b4
Nh5 10.g3 f5 11.Ng5 Nf6 12.Bf3 h6 13.Ne6 Bxe6 14.dxe6 c6 15.Bg2 Kh8 16.b5 fxe4
17.Ba3 d5 18.cxd5 cxd5 19.Qb3 Re8 20.Rad1 Qb6 21.Bxe7 Rxe7 22.Nxd5 Nxd5
23.Rxd5 Rxe6 24.Bxe4 Rf8 25.Kg2 Ref6 26.f3 a6 27.Rfd1 Qe6 28.Qb1 axb5 29.Rxb5
Qc4 30.Rd2 Qc3 31.Rd3 Qc4 32.Rxb7 Ra6 33.Rd2 Qc3 34.Rdd7 Rfa8 35.Rxg7 Rxa2+
36.Kh3 Qd2 37.Rh7+ Kg8 38.Qb3+ {#r} 1-0

[Event "17th BCC Open 2018"]
[Site "Bangkok THA"]
[Date "2017.04.08"]
[Round "1.25"]
[White "Kim,Inguh"]
[Black "Dale,Ari"]
[Result "0-1"]
[WhiteElo "1932"]
[BlackElo "2402"]

1.e4 Nf6 2.e5 Nd5 3.d4 d6 4.c4 Nb6 5.exd6 exd6 6.Nc3 Nc6 7.Be3 Be7 8.b3 Bf6
9.Rc1 O-O 10.Bd3 Re8 11.Nge2 Bg4 12.O-O Bg5 13.Qd2 h6 14.h3 Bxe2 15.Bxg5 Qxg5
16.f4 Qf6 17.Nxe2 Nxd4 18.Bh7+ Kxh7 19.Nxd4 c6 20.Qd3+ Kg8 21.Nf5 Rad8 22.Rcd1
d5 23.c5 Nc8 24.Rde1 Rxe1 25.Rxe1 Kf8 26.g3 Re8 27.Rxe8+ Kxe8 28.Qe3+ Kf8
29.Qe5 Qxe5 30.fxe5 Ne7 31.Nd6 b6 32.cxb6 axb6 33.a4 d4 34.Kf2 Nd5 35.Kf3 d3
36.h4 g6 37.Nc4 Ke7 38.Ke4 b5 39.axb5 cxb5 40.Nb2 Ke6 41.Nxd3 Nc3+ 42.Kf4 Ne2+
43.Kf3 Nd4+ 44.Ke4 Nxb3 45.Nf4+ Kd7 46.Kd5 Nd2 47.e6+ fxe6+ 48.Nxe6 b4 49.Nc5+
Ke7 50.Ke5 b3 {#R} 0-1

[Event "17th BCC Open 2018"]
[Site "Bangkok THA"]
[Date "2017.04.08"]
[Round "1.26"]
[White "Venkatesh,M"]
[Black "Hansing,S"]
[Result "1-0"]
[WhiteElo "2396"]
[BlackElo "1930"]

1.e4 e6 2.d4 d5 3.Nd2 Nf6 4.e5 Nfd7 5.Bd3 c5 6.c3 Nc6 7.Ngf3 Qb6 8.O-O cxd4
9.cxd4 Be7 10.Nb3 h6 11.Be3 a5 12.a4 Ndb8 13.Nfd2 Nb4 14.Bb1 N8c6 15.Qg4 Bf8
16.Rc1 Qd8 17.Nf1 Ne7 18.Ng3 g6 19.h4 h5 20.Qe2 Nec6 21.Nd2 Qxh4 22.Nf3 Qd8
23.Bg5 Be7 24.Bxe7 Qxe7 25.Qd2 Bd7 26.Ne2 Qd8 27.Ra3 Ne7 28.Ng5 Nf5 29.Qf4 Bc6
30.Rh3 Qe7 31.g4 Ng7 32.Qf6 Kf8 33.Rf3 Qxf6 34.Rxf6 hxg4 35.Nxf7 Rh5 36.Bxg6
Ne8 37.Bxh5 Nxf6 38.exf6 Be8 39.Rc7 Na6 40.Re7 {#r} 1-0

[Event "17th BCC Open 2018"]
[Site "Bangkok THA"]
[Date "2017.04.08"]
[Round "1.28"]
[White "Schebler,G"]
[Black "Laurain,D"]
[Result "1-0"]
[WhiteElo "2387"]
[BlackElo "1927"]

1.d4 e6 2.e4 d5 3.Nc3 Nf6 4.Bg5 Bb4 5.Bd3 dxe4 6.Bxe4 h6 7.Bxf6 Qxf6 8.Nf3 O-O
9.Qd3 Nd7 10.O-O Bd6 11.Rfe1 a6 12.Rad1 Rb8 13.Qe2 b5 14.Bd3 Bb7 15.Ne4 Qf4
16.h3 Bxe4 17.Bxe4 Nf6 18.Bd3 Nd5 19.c3 Rfc8 20.Bb1 g6 21.g3 Qf6 22.h4 c5
23.Ne5 Bxe5 24.dxe5 Qg7 25.h5 gxh5 26.Qxh5 Qg5 27.Qf3 Kg7 28.Re4 h5 29.Kg2 Rf8
30.Rh4 Rh8 31.Bc2 Ne7 32.Rd7 Rbe8 33.Qf4 Qxf4 34.Rxf4 Rhf8 35.Rf6 Nd5 36.Rg6+
Kh8 37.Rh6+ {#r} 1-0

[Event "17th BCC Open 2018"]
[Site "Bangkok THA"]
[Date "2017.04.08"]
[Round "1.30"]
[White "Egorov,E"]
[Black "Frederiksen,Erik"]
[Result "1-0"]
[WhiteElo "2377"]
[BlackElo "1918"]

1.e4 e5 2.Bc4 Nc6 3.Nc3 Nf6 4.d3 Na5 5.Qf3 Nxc4 6.dxc4 d6 7.b3 b6 8.Nge2 Be7
9.a4 a5 10.Ba3 O-O 11.O-O-O Qe8 12.Kb1 Be6 13.h3 Qc6 14.g4 Nd7 15.h4 Nc5
16.Ng3 Qd7 17.Nf5 Bxf5 18.exf5 c6 19.Bxc5 bxc5 20.Ne4 Rad8 21.f6 gxf6 22.Rxd6
Qe8 23.Rxf6 Rd4 24.g5 Rxe4 25.Qxe4 Bxf6 26.gxf6 Kh8 27.Rg1 Rg8 28.Rxg8+ Qxg8
29.Qxc6 {#r} 1-0

[Event "17th BCC Open 2018"]
[Site "Bangkok THA"]
[Date "2017.04.08"]
[Round "1.31"]
[White "Parrott,Laurence"]
[Black "Andyka,Pitra"]
[Result "0-1"]
[WhiteElo "1913"]
[BlackElo "2373"]

1.c4 e5 2.Nc3 Bb4 3.Nd5 Be7 4.d4 d6 5.Nf3 Nd7 6.e3 Ngf6 7.Nxe7 Qxe7 8.Be2 O-O
9.O-O Re8 10.b3 e4 11.Ne1 c6 12.f4 exf3 13.gxf3 Nf8 14.Kh1 Ng6 15.Ng2 Bh3
16.Rg1 Nh5 17.Bd3 f5 18.a4 Bxg2+ 19.Rxg2 Nh4 20.Rg1 Qf6 21.Bb1 d5 22.cxd5 cxd5
23.e4 fxe4 24.fxe4 Qf3+ 25.Qxf3 Nxf3 26.Rg4 Nf6 27.Rf4 dxe4 28.Bxe4 Rxe4
29.Rxf3 Re1+ 30.Kg2 Rc8 31.Rf1 Rc2+ 32.Kg1 Rxf1+ 33.Kxf1 Rxh2 34.Kg1 Rh3 35.b4
Nd5 36.b5 Rd3 37.Bb2 Rd2 38.Rb1 h5 {#R} 0-1

[Event "17th BCC Open 2018"]
[Site "Bangkok THA"]
[Date "2017.04.08"]
[Round "1.32"]
[White "Severino,S"]
[Black "Nouri,Alekhine"]
[Result "1-0"]
[WhiteElo "2364"]
[BlackElo "1894"]

1.d4 c5 2.d5 Nf6 3.Nc3 d6 4.e4 g6 5.Nf3 Bg7 6.Be2 O-O 7.O-O a6 8.a4 Re8 9.Nd2
e6 10.Nc4 exd5 11.exd5 Bf5 12.a5 Qe7 13.Bd3 Bxd3 14.Qxd3 Nbd7 15.Bf4 Ne5
16.Bxe5 dxe5 17.d6 e4 18.dxe7 exd3 19.Rfe1 dxc2 20.Rac1 Bh6 21.Rxc2 Bf4 22.Nb6
Rab8 23.Ncd5 Nxd5 24.Nxd5 Bd6 25.Nf6+ Kg7 26.Nxe8+ Rxe8 27.Rd2 Rxe7 28.Rxe7
Bxe7 29.Rd7 Bf6 30.Rxb7 Bd8 31.Rb6 {#r} 1-0

[Event "17th BCC Open 2018"]
[Site "Bangkok THA"]
[Date "2017.04.08"]
[Round "1.33"]
[White "Maneesorn,Kankawee"]
[Black "Liu,Chang"]
[Result "0-1"]
[WhiteElo "1894"]
[BlackElo "2346"]

1.e4 d6 2.d4 g6 3.Nc3 Bg7 4.Be3 a6 5.g4 b5 6.f3 Bb7 7.Qd2 Nd7 8.h4 h5 9.gxh5
Rxh5 10.O-O-O e6 11.Nge2 Rxh4 12.Bg2 Rxh1 13.Rxh1 Qe7 14.a4 Nb6 15.b3 bxa4
16.Nxa4 Nxa4 17.bxa4 d5 18.Qc3 dxe4 19.fxe4 Nf6 20.Bh6 Bxh6+ 21.Rxh6 O-O-O
22.Bf3 Bxe4 23.Bxe4 Nxe4 24.Qe3 Qg5 25.Qxg5 Nxg5 26.c3 Kd7 27.Nf4 c5 28.dxc5
Kc6 29.Nxg6 fxg6 30.Rxg6 Rd5 {#R} 0-1

[Event "17th BCC Open 2018"]
[Site "Bangkok THA"]
[Date "2017.04.08"]
[Round "1.34"]
[White "Bellon Lopez,JuM"]
[Black "Newbry,Benjamin J"]
[Result "1-0"]
[WhiteElo "2342"]
[BlackElo "1893"]

1.d4 b6 2.c4 Bb7 3.Bg5 Nf6 4.Bxf6 gxf6 5.e3 e6 6.Nc3 f5 7.Nh3 Bd6 8.a3 Rg8
9.Nb5 Rxg2 10.Nxd6+ cxd6 11.Bxg2 Bxg2 12.Rg1 Bxh3 13.Rg8+ {#r} 1-0

[Event "3rd Ordu Open 2017"]
[Site "Ordu TUR"]
[Date "2017.04.08"]
[Round "7.3"]
[White "Miron,L"]
[Black "Nabaty,T"]
[Result "0-1"]
[WhiteElo "2504"]
[BlackElo "2636"]

1.d4 d5 2.c4 c6 3.Nf3 Nf6 4.Nc3 e6 5.g3 dxc4 6.Bg2 b5 7.Ne5 Qb6 8.O-O Bb7 9.b3
Bb4 10.Bb2 Nd5 11.Rc1 Bxc3 12.Bxc3 f6 13.e4 Ne7 14.Qg4 fxe5 15.Qxg7 Rg8
16.Qxe5 b4 17.Bxb4 Qxb4 18.bxc4 Bc8 19.Qh5+ Rg6 20.f4 Kd8 21.Qxh7 Nd7 22.f5
exf5 23.exf5 Rf6 24.g4 Qd6 25.h3 Rb8 26.Rcd1 Rb2 27.Rd3 Ng6 28.c5 Nxc5 29.Qg8+
Nf8 30.Rdf3 Ne4 31.g5 Rxf5 32.Rxf5 Bxf5 {#R} 0-1

[Event "3rd Ordu Open 2017"]
[Site "Ordu TUR"]
[Date "2017.04.08"]
[Round "7.6"]
[White "Shanava,K"]
[Black "Bivol,A"]
[Result "1-0"]
[WhiteElo "2519"]
[BlackElo "2383"]

1.e4 e6 2.d4 d5 3.Nd2 Be7 4.Bd3 c5 5.dxc5 Nf6 6.Qe2 O-O 7.Ngf3 a5 8.O-O Na6
9.e5 Nd7 10.Nd4 Ndxc5 11.f4 Qb6 12.N2f3 Bd7 13.a3 Ne4 14.Kh1 Nac5 15.Rb1 a4
16.Be3 f5 17.exf6 Bxf6 18.g4 Qd8 19.g5 Bxd4 20.Bxd4 Qe7 21.Ne5 Be8 22.Rbe1
Nxd3 23.cxd3 Nd6 24.Bc5 Ra6 25.Ng4 Qc7 26.Bb4 Bd7 27.Ne5 Be8 28.Qg4 Rf5 29.Nf3
Bd7 30.Nh4 Rf8 31.g6 h6 32.f5 exf5 33.Qf4 d4 34.Kg1 Re8 35.Nxf5 Bxf5 36.Qxf5
Qd8 37.Qf7+ {#r} 1-0